000 00541nam a2200181 i 4500
001 142062
003 ES-MaACL
005 20230906200433.0
007 t|
008 071002s1919 fr ||||1| fre d
080 _a94(438)"19"
100 1 _aWaliszewski, Kazimierz.
_9115920
245 1 3 _aLa Pologne inconnue :
_bpages d'histoire d'actualité /
_cKazimierz Waliszewski.
260 _aCouloummiers :
_bPaul Brodard,
_c1919.
300 _a274 p. ;
_c19 cm.
651 4 _aPolonia-
_xHistoria-
_yS.XX.
_9164038
852 4 _aES-MaACL
_jF-11025
999 _c142062
_d142062